| 000 | 00565nam a22001937a 4500 | ||
|---|---|---|---|
| 999 |
_c7379 _d7379 |
||
| 003 | GBCCL | ||
| 005 | 20241126110626.0 | ||
| 008 | 180802b ||||| |||| 00| 0 eng d | ||
| 040 | _cGBC | ||
| 082 |
_a320.0947 _bLEN |
||
| 100 |
_aLenin, Vladimir Ilʹich _913050 |
||
| 245 |
_aV.I. Lenin : _bSelected works |
||
| 260 |
_aMoscow : _bProgress Pub., _c1975. |
||
| 300 | _a3 volumes ; 22 cm | ||
| 650 |
_aSoviet Union -- Politics and government -- 1917-1936. _913051 |
||
| 650 |
_a Politics and government _913052 |
||
| 650 |
_a Socialism. _913053 |
||
| 942 |
_2ddc _cBK |
||